| 000 | 00646nam a2200205Ia 4500 | ||
|---|---|---|---|
| 005 | 20250508165915.0 | ||
| 008 | 008 250505s9999 xx 000 0 eng d | ||
| 037 | _aTextual | ||
| 040 |
_aFEDL _beng _cFEDL |
||
| 041 |
_aeng _2eng |
||
| 084 |
_a303.62, ROY _qFEDL |
||
| 100 | _aRoy Arundhati | ||
| 245 | 0 | _aListening to grass-hoppers: Field notes on democracy | |
| 260 |
_aNew Delhi, India _bPenguin Books India Pvt. Ltd. _c2009 |
||
| 300 | _axxxvii, 252p. | ||
| 365 |
_aINR _b399 |
||
| 546 | _aGifted by H.O.D. Namita Ranganathan in memory of Prof. Arvind Gaysu | ||
| 942 |
_cTEXL _h303.62, ROY |
||
| 999 |
_c1398124 _d1398124 |
||